|
|
|
|
| LEADER |
00000naa a2200000uu 4500 |
| 001 |
vtls011095073 |
| 003 |
SK-MaSNL |
| 005 |
20260302110804.0 |
| 008 |
210824|2002 xo |||||||||||||||||slo| |
| 015 |
|
|
|a SNBRA
|
| 035 |
|
|
|a (urnnbn)urn:nbn:sk:snk:ar-a0ctmm
|
| 035 |
|
|
|a (uuid)f486cf36-d2df-495a-901e-4f422a79de94
|
| 035 |
|
|
|a urn:nbn:sk:snk-aavz9d
|
| 040 |
|
|
|a SNKBUCL
|b slo
|c SNKBUCL
|e AACR2
|
| 041 |
0 |
|
|a slo
|
| 044 |
|
|
|a xo
|c SK
|
| 100 |
1 |
|
|a Gubiš, Jozef
|4 aut
|9 28003
|
| 245 |
1 |
0 |
|a VPLYV ANTIBIOTÍK NA IN VITRO REGENERÁCIU RAJČIAKA JEDLÉHO (LYCOPERSICON ESCULENTUM MILL.)
|c Jozef GUBIŠ, Juraj FARAGÓ, Zuzana JUREKOVÁ, Zuzana LAJCHOVÁ
|
| 246 |
3 |
|
|a EFFECT OF ANTIBIOTICS ON IN VITRO REGENERATION OF TOMATO (LYCOPERSICON ESCULENTUM MILL.)
|
| 700 |
1 |
|
|a Faragó, Juraj
|4 aut
|9 20379
|
| 700 |
1 |
|
|a Jureková, Zuzana
|4 aut
|9 375799
|
| 700 |
1 |
|
|a Lajchová, Zuzana
|4 aut
|9 28002
|
| 773 |
0 |
|
|t Nové poznatky z genetiky a šľachtenia poľnohospodárskych rastlín : zborník z 9. odborného seminára, 21. november 2002
|d Piešťany : Výskumný ústav rastlinnej výroby, 2002
|g S. 84-85
|z 8088790255
|
| 958 |
|
|
|a OND
|
| 958 |
|
|
|a article12
|
| 958 |
|
|
|a chapter
|
| 999 |
|
|
|c 1244934
|d 1246864
|